[Event "Titled Tuesday intern op 16th Apr Early"]
[Site "Chess.com INT"]
[Date "2024.04.16"]
[Round "8"]
[White "Dias, Paulo Jorge Guimara"]
[Black "Afanasieva, Alexandra"]
[Result "1-0"]
[WhiteElo "2308"]
[BlackElo "1914"]
[PlyCount "129"]
[EventDate "2024.04.16"]
[EventType "swiss (blitz)"]
[EventRounds "11"]
[EventCountry "USA"]
[SourceTitle "CB17_2024"]
[SourceDate "2024.04.24"]
[SourceVersion "1"]
[SourceVersionDate "2024.04.24"]
[SourceQuality "1"]

1. Nf3 c5 2. c4 Nc6 3. g3 e5 4. Bg2 g6 5. Nc3 Bg7 6. d3 Nge7 7. Nd2 d6 8. Nf1 0-0 9. Ne3 f5 10. Ned5 h6 11. 0-0 Be6 12. Rb1 Rb8 13. a3 g5 14. f4 gxf4 15. gxf4 Kh7 16. Kh1 Ng6 17. b4 exf4 18. Bxf4 Bxc3 19. Nxc3 Nxf4 20. Rxf4 Ne5 21. bxc5 dxc5 22. Qg1 Rg8 23. Rbf1 Qg5 24. h3 Ng6 25. R4f2 Nh4 26. Qh2 Bd7 27. Bd5 Qe3 28. Bxg8+ Rxg8 29. Nd5 Bc6 30. Qc7+ Rg7 31. Qh2 b5 32. Rg1 Rxg1+ 33. Kxg1 Qg5+ 34. Kh1 bxc4 35. Qc7+ Kh8 36. Qxc6 Qg3 37. Qf6+ Kh7 38. Qe7+ Kh8 39. Qd8+ Kh7 40. Qc7+ Qxc7 41. Nxc7 c3 42. Rf1 Ng6 43. Rc1 Nf4 44. e3 Ne2 45. Rc2 Ng3+ 46. Kg2 f4 47. exf4 Nf5 48. Rxc3 Ne3+ 49. Kf3 Nd1 50. Rxc5 Kg6 51. Nd5 Kf7 52. Ne3 Nb2 53. Rc7+ Ke6 54. Rxa7 h5 55. Ra6+ Ke7 56. Ke4 h4 57. f5 Kd7 58. d4 Kc7 59. Rh6 Na4 60. Rxh4 Nb6 61. Ke5 Nd7+ 62. Kf4 Nf6 63. Rh6 Ng8 64. Rg6 Ne7 65. Rg7 1-0

[Event "Titled Tuesday intern op 16th Apr Early"]
[Site "Chess.com INT"]
[Date "2024.04.16"]
[Round "2"]
[White "Lianes Garcia, Marcos"]
[Black "Dias, Paulo Jorge Guimara"]
[Result "1-0"]
[WhiteElo "2403"]
[BlackElo "2308"]
[PlyCount "189"]
[EventDate "2024.04.16"]
[EventType "swiss (blitz)"]
[EventRounds "11"]
[EventCountry "USA"]
[SourceTitle "CB17_2024"]
[SourceDate "2024.04.24"]
[SourceVersion "1"]
[SourceVersionDate "2024.04.24"]
[SourceQuality "1"]

1. e4 e5 2. g3 Nc6 3. Bg2 Bc5 4. Ne2 d6 5. 0-0 h5 6. h3 h4 7. g4 g5 8. c3 f6 9. d4 Bb6 10. Be3 Nge7 11. a4 a5 12. Na3 Ng6 13. Qd2 0-0 14. Rfd1 Qe7 15. Nc4 Ba7 16. d5 Bxe3 17. Nxe3 Nd8 18. b4 Nf4 19. Bf1 Bd7 20. Qc2 Nf7 21. f3 Rfb8 22. Nc1 Kg7 23. Kh2 Kg6 24. Rd2 b6 25. Qd1 Ra7 26. Rda2 Rba8 27. Qb3 Qe8 28. b5 Kg7 29. Bg2 Nxg2 30. Kxg2 Nh8 31. Nd3 Ng6 32. Kh2 Qe7 33. Qc2 Qe8 34. Qf2 Nf4 35. Nxf4 exf4 36. Nc2 Qe5 37. Ra3 Re8 38. Rd1 Re7 39. Rd4 Be8 40. Rc4 Bg6 41. Nd4 Be8 42. Nf5+ Kf7 43. Nxe7 Kxe7 44. Qd4 Bd7 45. Kg2 Kd8 46. Kf2 Rb7 47. Ke2 Ra7 48. Ra1 Rb7 49. Rd1 Qe7 50. Kd3 Qe5 51. Rc6 Bxc6 52. dxc6 Rb8 53. Kc4 Ke7 54. Kb3 Rd8 55. Qc4 Qe6 56. Rd5 Re8 57. Qd4 Rd8 58. Kc2 Re8 59. Kd2 Rd8 60. Kd3 Re8 61. c4 Rd8 62. c5 bxc5 63. Qc3 Ra8 64. Kc2 Qf7 65. Qb2 Rb8 66. Kc1 Qe6 67. Kd1 Kd8 68. Ke1 Ke7 69. Kf2 Kd8 70. Kg2 Ke7 71. Rf5 Rb6 72. Kg1 Kf7 73. Rd5 Ke7 74. Qc3 Rb8 75. Qxa5 Qc8 76. Qc3 Qe6 77. Kf2 Ra8 78. a5 Rb8 79. Qc4 Qc8 80. Rd2 Qe6 81. Rd5 Qc8 82. Ke2 Qe6 83. Kd2 Qf7 84. Kc3 Qe6 85. Rd2 Qc8 86. Rb2 Qh8 87. Kc2 Qc8 88. Qd5 Qe6 89. Qxe6+ Kxe6 90. Kc3 Ra8 91. Ra2 d5 92. exd5+ Kxd5 93. Rd2+ Ke5 94. a6 Rb8 95. Kc4 1-0

[Event "POR-ch"]
[Site "Viana do Castelo"]
[Date "2023.09.06"]
[Round "5"]
[White "Veiga, Jose Francisco RP"]
[Black "Dias, Paulo Jorge Guimara"]
[Result "1-0"]
[WhiteElo "2354"]
[BlackElo "2330"]
[PlyCount "61"]
[EventDate "2023.09.03"]
[EventType "tourn"]
[EventRounds "9"]
[EventCountry "POR"]
[EventCategory "3"]
[SourceTitle "EXT 2024"]
[Source "ChessBase"]
[SourceDate "2023.10.10"]
[SourceVersion "1"]
[SourceVersionDate "2023.10.10"]
[SourceQuality "1"]

1. e4 d6 2. d4 Nf6 3. Nc3 e5 4. Nf3 Nc6 5. h3 Be7 6. Bb5 Bd7 7. 0-0 0-0 8. Bxc6 Bxc6 9. Re1 exd4 10. Nxd4 Bd7 11. Qf3 Re8 12. Bg5 c6 13. Rad1 h6 14. Bf4 Bf8 15. Re2 Qb6 16. Nb3 Re6 17. Nd4 Ree8 18. Bxh6 gxh6 19. Qxf6 Bg7 20. Qxd6 Bxh3 21. Red2 Bg4 22. Qg3 Be6 23. Nf5 Bxf5 24. exf5 Kh8 25. Rd6 Rad8 26. f6 Bf8 27. Ne4 Qa5 28. b4 Rxd6 29. Nxd6 Qh5 30. f3 Re2 31. Ne4 1-0

[Event "Speed Chess Q2 Sw"]
[Site "Chess.com INT"]
[Date "2023.08.23"]
[Round "4"]
[White "Dias, Paulo Jorge Guimara"]
[Black "Durarbayli, Vasif"]
[Result "1/2-1/2"]
[WhiteElo "2330"]
[BlackElo "2631"]
[PlyCount "100"]
[EventDate "2023.08.23"]
[EventType "swiss (blitz)"]
[EventRounds "14"]
[EventCountry "USA"]
[SourceTitle "CBM 215 Extra"]
[Source "ChessBase"]
[SourceDate "2023.09.30"]
[SourceVersion "1"]
[SourceVersionDate "2023.09.30"]
[SourceQuality "1"]

1. d4 Nf6 2. Nf3 e6 3. c4 b6 4. g3 Ba6 5. Qc2 Bb7 6. Bg2 c5 7. d5 exd5 8. cxd5 Nxd5 9. 0-0 Be7 10. Rd1 Nc6 11. a3 Nf6 12. e4 Qc7 13. Bf4 d6 14. Nc3 Rd8 15. Nd5 Nxd5 16. exd5 Ne5 17. Nxe5 dxe5 18. Qa4+ Kf8 19. Be3 Bd6 20. Rac1 a6 21. Qc2 Rc8 22. Bh3 Rd8 23. b4 h5 24. bxc5 bxc5 25. Bxc5 h4 26. Bxd6+ Qxd6 27. Bg2 hxg3 28. hxg3 Rh6 29. Qc7 Ba8 30. a4 Qxc7 31. Rxc7 Rhd6 32. Ra7 g6 33. a5 Bxd5 34. Rxd5 Rxd5 35. Bxd5 Rxd5 36. Rxa6 Kg7 37. Kg2 g5 38. g4 e4 39. Kf1 Rd3 40. Ke2 Ra3 41. Ra8 Kf6 42. Re8 Ra2+ 43. Ke3 Ra3+ 44. Ke2 Rxa5 45. Rxe4 Ra2+ 46. Kf3 Ra3+ 47. Kg2 Ra6 48. f3 Re6 49. Rb4 Re2+ 50. Kg3 Kg6 1/2-1/2

[Event "Speed Chess Q2 Sw"]
[Site "Chess.com INT"]
[Date "2023.08.23"]
[Round "6"]
[White "Harsh, Suresh"]
[Black "Dias, Paulo Jorge Guimara"]
[Result "1-0"]
[WhiteElo "2324"]
[BlackElo "2330"]
[PlyCount "69"]
[EventDate "2023.08.23"]
[EventType "swiss (blitz)"]
[EventRounds "14"]
[EventCountry "USA"]
[SourceTitle "CBM 215 Extra"]
[Source "ChessBase"]
[SourceDate "2023.09.30"]
[SourceVersion "1"]
[SourceVersionDate "2023.09.30"]
[SourceQuality "1"]

1. e4 c6 2. Nf3 d5 3. Nc3 Bg4 4. h3 Bxf3 5. Qxf3 e6 6. Be2 Nd7 7. d4 dxe4 8. Nxe4 Ngf6 9. Nd2 Be7 10. 0-0 0-0 11. Nb3 a5 12. a4 e5 13. dxe5 Nxe5 14. Qc3 Qc7 15. Bf4 Bd6 16. Bg3 Ng6 17. Bxd6 Qxd6 18. Rad1 Qc7 19. Nd4 Nd5 20. Qb3 Rad8 21. Bf3 Nh4 22. Bxd5 Rxd5 23. Nb5 Qd8 24. Rxd5 cxd5 25. Rd1 Re8 26. Qxd5 Qf6 27. Nd6 Rf8 28. Ne4 Qxb2 29. Qc5 b6 30. Qc4 Qe5 31. Ng3 Ng6 32. Rb1 Re8 33. Rxb6 Qa1+ 34. Kh2 h6 35. Rxg6 1-0

[Event "Speed Chess Q2 Sw"]
[Site "Chess.com INT"]
[Date "2023.08.23"]
[Round "11"]
[White "Iskusnyh, Sergei"]
[Black "Dias, Paulo Jorge Guimara"]
[Result "1-0"]
[WhiteElo "2440"]
[BlackElo "2330"]
[PlyCount "45"]
[EventDate "2023.08.23"]
[EventType "swiss (blitz)"]
[EventRounds "14"]
[EventCountry "USA"]
[SourceTitle "CBM 215 Extra"]
[Source "ChessBase"]
[SourceDate "2023.09.30"]
[SourceVersion "1"]
[SourceVersionDate "2023.09.30"]
[SourceQuality "1"]

1. d4 Nf6 2. c4 g6 3. g3 c5 4. dxc5 Bg7 5. Bg2 0-0 6. Nc3 Qa5 7. Bd2 Qxc5 8. Rc1 Nc6 9. b3 d6 10. Nh3 Bxh3 11. Bxh3 d5 12. Na4 Qd6 13. c5 Qd8 14. 0-0 e5 15. b4 h6 16. Qb3 Nd4 17. Qd1 b5 18. Nc3 a5 19. a3 axb4 20. axb4 e4 21. Be3 Nf5 22. Bxf5 g5 23. Nxb5 1-0

[Event "Speed Chess Q2 Sw"]
[Site "Chess.com INT"]
[Date "2023.08.23"]
[Round "8"]
[White "Plazuelo Pascual, Juan"]
[Black "Dias, Paulo Jorge Guimara"]
[Result "1-0"]
[WhiteElo "2454"]
[BlackElo "2330"]
[PlyCount "68"]
[EventDate "2023.08.23"]
[EventType "swiss (blitz)"]
[EventRounds "14"]
[EventCountry "USA"]
[SourceTitle "CBM 215 Extra"]
[Source "ChessBase"]
[SourceDate "2023.09.30"]
[SourceVersion "1"]
[SourceVersionDate "2023.09.30"]
[SourceQuality "1"]

1. e4 e5 2. Nf3 Nc6 3. d4 exd4 4. Nxd4 Nf6 5. Nxc6 bxc6 6. Bd3 d5 7. exd5 cxd5 8. 0-0 Be7 9. b3 0-0 10. Bb2 c5 11. Nd2 Bd6 12. h3 a5 13. Qf3 a4 14. Bxf6 Qxf6 15. Qxd5 Qe5 16. Qxe5 Bxe5 17. Rad1 Bc3 18. Ne4 Bb4 19. Ng5 g6 20. Ne4 Kg7 21. c3 Ba3 22. Bb5 Bf5 23. Rfe1 axb3 24. axb3 Be6 25. Rb1 Bf5 26. f3 Rfb8 27. Bc4 Re8 28. Nd6 Bxb1 29. Nxe8+ Kf8 30. Nd6 Bf5 31. Ra1 Be6 32. Nb5 Rb8 33. Rxa3 Rd8 34. Bxe6 fxe6 1-0

[Event "Speed Chess Q1 Sw"]
[Site "Chess.com INT"]
[Date "2023.08.21"]
[Round "4"]
[White "Dias, Paulo Jorge Guimara"]
[Black "Kravtsiv, Martyn"]
[Result "0-1"]
[WhiteElo "2330"]
[BlackElo "2598"]
[PlyCount "58"]
[EventDate "2023.08.21"]
[EventType "k.o. (blitz)"]
[EventRounds "14"]
[EventCountry "USA"]
[SourceTitle "CBM 215 Extra"]
[Source "ChessBase"]
[SourceDate "2023.09.30"]
[SourceVersion "1"]
[SourceVersionDate "2023.09.30"]
[SourceQuality "1"]

1. e4 e5 2. Nf3 Nc6 3. Bb5 a6 4. Ba4 Nf6 5. d3 b5 6. Bb3 Be7 7. 0-0 d6 8. Bd2 0-0 9. h3 Bb7 10. Nc3 Na5 11. Ne2 Nxb3 12. axb3 Re8 13. Ng3 Bf8 14. b4 d5 15. exd5 Nxd5 16. c3 Qd7 17. Re1 f6 18. d4 exd4 19. Nxd4 Nxb4 20. cxb4 Qxd4 21. Bc3 Rxe1+ 22. Qxe1 Qd5 23. f3 Rd8 24. Ne4 Qc4 25. Qg3 Bxe4 26. fxe4 Re8 27. e5 fxe5 28. Bxe5 Qxb4 29. Rf1 Qc5+ 0-1

[Event "Speed Chess Q1 Sw"]
[Site "Chess.com INT"]
[Date "2023.08.21"]
[Round "3"]
[White "Dias, Paulo Jorge Guimara"]
[Black "Kushko, Dmitriy"]
[Result "1-0"]
[WhiteElo "2330"]
[BlackElo "2426"]
[PlyCount "53"]
[EventDate "2023.08.21"]
[EventType "k.o. (blitz)"]
[EventRounds "14"]
[EventCountry "USA"]
[SourceTitle "CBM 215 Extra"]
[Source "ChessBase"]
[SourceDate "2023.09.30"]
[SourceVersion "1"]
[SourceVersionDate "2023.09.30"]
[SourceQuality "1"]

1. e4 g6 2. d4 Bg7 3. Nc3 d6 4. Be3 a6 5. Qd2 b5 6. Nf3 Bb7 7. Bd3 Nd7 8. a4 Ngf6 9. e5 b4 10. exf6 bxc3 11. bxc3 Nxf6 12. c4 0-0 13. Rb1 Bxf3 14. gxf3 Nd7 15. 0-0 c5 16. c3 Qa5 17. Rb7 Rfd8 18. Qc2 cxd4 19. cxd4 e5 20. dxe5 Nxe5 21. Be4 Rac8 22. Bb6 Rxc4 23. Bxa5 Rxc2 24. Bxd8 Rc8 25. Bc7 Nc4 26. Bd5 Nd2 27. Rd1 1-0

[Event "Speed Chess Q1 Sw"]
[Site "Chess.com INT"]
[Date "2023.08.21"]
[Round "13"]
[White "Dias, Paulo Jorge Guimara"]
[Black "Ovezdurdiyeva, Jemal"]
[Result "1/2-1/2"]
[WhiteElo "2330"]
[BlackElo "2057"]
[PlyCount "221"]
[EventDate "2023.08.21"]
[EventType "k.o. (blitz)"]
[EventRounds "14"]
[EventCountry "USA"]
[SourceTitle "CBM 215 Extra"]
[Source "ChessBase"]
[SourceDate "2023.09.30"]
[SourceVersion "1"]
[SourceVersionDate "2023.09.30"]
[SourceQuality "1"]

1. Nf3 Nf6 2. d4 e6 3. c4 b6 4. g3 Bb7 5. Bg2 Be7 6. 0-0 0-0 7. d5 exd5 8. Nh4 c6 9. cxd5 Nxd5 10. Nf5 Bf6 11. e4 Ne7 12. Nd6 Ba6 13. Re1 Nc8 14. Nf5 d6 15. Nc3 Ne7 16. Nxd6 Be5 17. Bf4 Bxf4 18. gxf4 Nd7 19. e5 g6 20. Qg4 Nc5 21. Rad1 Bc8 22. Qg3 Qc7 23. b4 Nb7 24. Nce4 Nf5 25. Nf6+ Kh8 26. Nxf5 Bxf5 27. Qg5 Kg7 28. Be4 Qc8 29. Rd3 Nd8 30. Bxf5 Qxf5 31. Qxf5 gxf5 32. Rd6 Ne6 33. Nh5+ Kg6 34. Ng3 Rac8 35. Kg2 h5 36. Kf3 h4 37. Ne2 Rfd8 38. Rg1+ Kh5 39. Rgd1 Rxd6 40. Rxd6 c5 41. bxc5 bxc5 42. Nc3 Nd4+ 43. Ke3 Nc2+ 44. Kd3 Nd4 45. Kc4 Kg4 46. Rf6 Kxf4 47. Rxf7 Kxe5 48. Rxa7 Kf4 49. Re7 Kf3 50. Rh7 Kxf2 51. Rxh4 Kg2 52. Nd5 Ra8 53. Rh7 Rxa2 54. Kxc5 Nf3 55. Kd6 Nxh2 56. Ke5 Rf2 57. Nf4+ Kf1 58. Kxf5 Nf3 59. Rh1+ Ng1 60. Kg4 Rxf4+ 61. Kxf4 Kg2 62. Rh7 Ne2+ 63. Ke3 Ng3 64. Rg7 Kh3 65. Kf3 Nh5 66. Rg5 Kh4 67. Rg1 Nf6 68. Kf4 Nh5+ 69. Kf5 Ng3+ 70. Kf4 Nh5+ 71. Kf3 Nf6 72. Rh1+ Kg5 73. Ra1 Kf5 74. Ra5+ Ke6 75. Kf4 Nd5+ 76. Ke4 Nf6+ 77. Kd4 Nd7 78. Ra6+ Kf5 79. Kd5 Nf6+ 80. Kd4 Nd7 81. Ra7 Nf6 82. Ra5+ Ke6 83. Rb5 Nd7 84. Rh5 Nf6 85. Re5+ Kd6 86. Re1 Nd7 87. Kc4 Ne5+ 88. Kc3 Kd5 89. Rd1+ Ke4 90. Rd4+ Kf5 91. Ra4 Nf3 92. Kd3 Ne5+ 93. Ke3 Ng4+ 94. Kf3 Ne5+ 95. Kg3 Ke6 96. Re4 Kd5 97. Kf4 Nd3+ 98. Kf5 Nc5 99. Re1 Kc4 100. Rd1 Nd3 101. Rd2 Kc3 102. Rh2 Kd4 103. Rh4+ Kc5 104. Ke4 Nb4 105. Rh5+ Kc4 106. Rh8 Nc6 107. Rh1 Kc5 108. Rc1+ Kd6 109. Rb1 Kc5 110. Rd1 Kb5 111. Rd5+ 1/2-1/2

[Event "Titled Tuesday intern op 15th Aug Early"]
[Site "Chess.com INT"]
[Date "2023.08.15"]
[Round "9"]
[White "Eynullayev, Atilla Elshan"]
[Black "Dias, Paulo Jorge Guimara"]
[Result "0-1"]
[WhiteElo "2265"]
[BlackElo "2330"]
[PlyCount "86"]
[EventDate "2023.08.15"]
[EventType "swiss (blitz)"]
[EventRounds "11"]
[EventCountry "USA"]
[SourceTitle "EXT 2024"]
[Source "ChessBase"]
[SourceDate "2023.10.10"]
[SourceVersion "1"]
[SourceVersionDate "2023.10.10"]
[SourceQuality "1"]

1. d4 Nf6 2. c4 e6 3. Nc3 Bb4 4. e3 0-0 5. Bd3 c5 6. Nf3 d5 7. cxd5 cxd4 8. exd4 exd5 9. 0-0 Nc6 10. Bg5 Bxc3 11. bxc3 Bg4 12. h3 Bh5 13. Rb1 b6 14. c4 Bxf3 15. Qxf3 Nxd4 16. Qd1 dxc4 17. Bxc4 Rc8 18. Ba6 Rc5 19. Be3 Ra5 20. Bc4 Nc6 21. Qxd8 Rxd8 22. Rfd1 Rxd1+ 23. Rxd1 Kf8 24. Rd6 Ne5 25. Bb3 Ke7 26. Rd1 Ned7 27. Bf4 Ne8 28. Re1+ Kf8 29. Rd1 Ndf6 30. f3 h6 31. Be3 Ke7 32. Kf2 g5 33. Bd2 Re5 34. Bb4+ Rc5 35. Bxc5+ bxc5 36. Ke3 Nd6 37. Kd3 Nh5 38. Re1+ Kd7 39. Kc3 Nf4 40. Re5 Kc6 41. Ba4+ Kb6 42. Re7 Nd5+ 43. Kd3 Nxe7 0-1

[Event "Titled Tuesday intern op 08th Aug Late"]
[Site "Chess.com INT"]
[Date "2023.08.08"]
[Round "1"]
[White "Dias, Paulo Jorge Guimara"]
[Black "Haydon, David Leslie"]
[Result "1/2-1/2"]
[WhiteElo "2330"]
[BlackElo "2230"]
[PlyCount "129"]
[EventDate "2023.08.08"]
[EventType "swiss (blitz)"]
[EventRounds "11"]
[EventCountry "USA"]
[SourceTitle "EXT 2024"]
[Source "ChessBase"]
[SourceDate "2023.10.10"]
[SourceVersion "1"]
[SourceVersionDate "2023.10.10"]
[SourceQuality "1"]

1. e4 c6 2. d4 d5 3. e5 c5 4. Nf3 Nc6 5. dxc5 Bg4 6. c3 Bxf3 7. Qxf3 e6 8. b4 Nxe5 9. Bb5+ Nc6 10. 0-0 Nf6 11. Re1 Be7 12. Bf4 0-0 13. Nd2 Rc8 14. Rad1 a6 15. Bd3 d4 16. Ne4 Nd5 17. Bd6 dxc3 18. a3 Nd4 19. Qh3 c2 20. Rc1 Rc6 21. Nc3 g6 22. Bxe7 Nxe7 23. Bxc2 Qc7 24. Be4 Rd8 25. Bxc6 Nexc6 26. Rcd1 Kg7 27. Qh4 h6 28. Ne4 Rd5 29. Qf6+ Kg8 30. Nd6 Qd7 31. g3 b6 32. Ne4 bxc5 33. Nxc5 Qd6 34. Ne4 Qd7 35. Kg2 Qb7 36. Qf4 Rf5 37. Nd6 Rxf4 38. Nxb7 Rf5 39. Nc5 a5 40. Ne4 axb4 41. axb4 Rb5 42. Rb1 Rxb4 43. Rxb4 Nxb4 44. Rc1 Nbc6 45. Nd2 Kg7 46. Nf3 Nxf3 47. Kxf3 Nd4+ 48. Ke3 Nf5+ 49. Kd2 Ne7 50. f4 Nd5 51. Ke2 Nf6 52. Kf3 g5 53. h3 gxf4 54. gxf4 Nd5 55. Rg1+ Kf6 56. Re1 Ne7 57. Re5 Nf5 58. Ke4 Kg6 59. Rxf5 exf5+ 60. Ke5 Kh5 61. Kxf5 Kh4 62. Kf6 Kxh3 63. Kxf7 Kg4 64. Kg6 Kxf4 65. Kxh6 1/2-1/2

[Event "Titled Tuesday intern op 08th Aug Late"]
[Site "Chess.com INT"]
[Date "2023.08.08"]
[Round "3"]
[White "Lopez Gracia, Fernando"]
[Black "Dias, Paulo Jorge Guimara"]
[Result "1-0"]
[WhiteElo "2252"]
[BlackElo "2330"]
[PlyCount "73"]
[EventDate "2023.08.08"]
[EventType "swiss (blitz)"]
[EventRounds "11"]
[EventCountry "USA"]
[SourceTitle "EXT 2024"]
[Source "ChessBase"]
[SourceDate "2023.10.10"]
[SourceVersion "1"]
[SourceVersionDate "2023.10.10"]
[SourceQuality "1"]

1. e4 c5 2. Nf3 d6 3. d4 cxd4 4. Nxd4 Nf6 5. Nc3 g6 6. f3 Bg7 7. Be3 0-0 8. Qd2 Nc6 9. 0-0-0 d5 10. Nxc6 bxc6 11. exd5 Nxd5 12. Nxd5 cxd5 13. Qxd5 Qc7 14. Qc5 Qb7 15. Bd4 Bh6+ 16. Be3 Bg7 17. Bd4 e5 18. Bxe5 Bh6+ 19. Kb1 Be6 20. Qb5 Qc8 21. h4 a6 22. Qb6 Re8 23. Qd4 Qc6 24. h5 g5 25. f4 gxf4 26. Bxf4 Bg7 27. Qf2 Rad8 28. Bd3 h6 29. Qg3 Kh8 30. Rhe1 Qd5 31. c4 Qd4 32. Re2 Bxc4 33. Rxe8+ Rxe8 34. Rd2 Re1+ 35. Qxe1 Bxd3+ 36. Ka1 a5 37. Be3 1-0

[Event "Titled Tuesday intern op 25th Jul Late"]
[Site "Chess.com INT"]
[Date "2023.07.25"]
[Round "3"]
[White "Ambartsumova, Karina"]
[Black "Dias, Paulo Jorge Guimara"]
[Result "0-1"]
[WhiteElo "2393"]
[BlackElo "2320"]
[PlyCount "126"]
[EventDate "2023.07.25"]
[EventType "swiss (blitz)"]
[EventRounds "11"]
[EventCountry "USA"]
[SourceTitle "EXT 2024"]
[Source "ChessBase"]
[SourceDate "2023.10.10"]
[SourceVersion "1"]
[SourceVersionDate "2023.10.10"]
[SourceQuality "1"]

1. c4 Nf6 2. Nc3 c5 3. Nf3 Nc6 4. d4 cxd4 5. Nxd4 g6 6. Nc2 Bg7 7. e4 d6 8. Be2 0-0 9. 0-0 Be6 10. Be3 Rc8 11. f3 Na5 12. b3 a6 13. Nd4 b5 14. Nd5 bxc4 15. Nxe6 fxe6 16. Bb6 exd5 17. Bxd8 Rfxd8 18. bxc4 dxe4 19. Rc1 Rc5 20. fxe4 Rdc8 21. Bd3 Nc6 22. Qe2 Ne5 23. h3 Bh6 24. Rc2 Nh5 25. Rd1 Nf4 26. Qf1 Rf8 27. Rf2 Rcc8 28. Kh1 Nfxd3 29. Rxd3 Rxf2 30. Qxf2 Nxd3 31. Qc2 Ne5 32. Qa4 Kf7 33. Qxa6 Rxc4 34. Kg1 Be3+ 35. Kf1 Rc2 36. a4 Ra2 37. a5 Bc5 38. Qb5 Rf2+ 39. Ke1 Rxg2 40. a6 Rg1+ 41. Ke2 Ra1 42. Qb7 Kf6 43. Kd2 h5 44. Kc2 Nc4 45. Kc3 Ne5 46. Kb2 g5 47. Kxa1 g4 48. hxg4 hxg4 49. Qb5 g3 50. Qf1+ Kg5 51. Qg2 Kg4 52. Ka2 Nf3 53. Kb3 Nh4 54. Qe2+ Kh3 55. Qd3 Kh2 56. Qc2+ g2 57. Qxc5 dxc5 58. a7 g1Q 59. a8Q Qe3+ 60. Kc4 Qd4+ 61. Kb5 Qb4+ 62. Kc6 Qxe4+ 63. Kc7 Qxa8 0-1

[Event "Titled Tuesday intern op 25th Jul Late"]
[Site "Chess.com INT"]
[Date "2023.07.25"]
[Round "5"]
[White "Dias, Paulo Jorge Guimara"]
[Black "Pham, Le Thao Nguyen"]
[Result "0-1"]
[WhiteElo "2320"]
[BlackElo "2369"]
[PlyCount "132"]
[EventDate "2023.07.25"]
[EventType "swiss (blitz)"]
[EventRounds "11"]
[EventCountry "USA"]
[SourceTitle "EXT 2024"]
[Source "ChessBase"]
[SourceDate "2023.10.10"]
[SourceVersion "1"]
[SourceVersionDate "2023.10.10"]
[SourceQuality "1"]

1. Nf3 d5 2. d4 c6 3. Bf4 Qb6 4. Qc1 Bf5 5. c3 Nd7 6. e3 h6 7. Nbd2 Ngf6 8. h3 e6 9. Be2 Be7 10. 0-0 0-0 11. Re1 Rac8 12. Bd1 Rfe8 13. Bc2 Bf8 14. Ne5 Nxe5 15. Bxe5 Nd7 16. Bg3 Bxc2 17. Qxc2 e5 18. Qb3 f6 19. a4 a5 20. Rac1 Kh8 21. dxe5 fxe5 22. c4 Bb4 23. Red1 Bxd2 24. Qxb6 Nxb6 25. Rxd2 Nxc4 26. Rdc2 e4 27. b3 Ne5 28. Bxe5 Rxe5 29. Rc5 Ra8 30. Kf1 Ree8 31. Ke2 Kg8 32. Rb1 Kf7 33. Kd2 Ke6 34. Kc3 Kd6 35. Kd4 b6 36. Rc2 c5+ 37. Kc3 Ke5 38. Rd1 Rac8 39. Rcd2 d4+ 40. Kc4 Red8 41. Kb5 Rd6 42. Rc2 Rf8 43. exd4+ cxd4 44. Rdd2 g5 45. Rc6 Rff6 46. Rc4 e3 47. fxe3 dxe3 48. Re2 Rd3 49. b4 Rf2 50. Re1 e2 51. bxa5 bxa5 52. Rc2 Re3 53. Kxa5 Ke4 54. Rd2 Rxg2 55. Kb6 Kf3 56. a5 Kf2 57. Ra1 Rg1 58. Raa2 Rb1+ 59. Kc7 Kf1 60. a6 e1Q 61. a7 Rc3+ 62. Kd7 Rb7+ 63. Kd6 Qe7+ 64. Kd5 Rc5+ 65. Kd4 Qe5+ 66. Kd3 Rc3# 0-1

[Event "Titled Tuesday intern op 25th Jul Late"]
[Site "Chess.com INT"]
[Date "2023.07.25"]
[Round "6"]
[White "Subervi Nunez, Jonathan Sigfredo"]
[Black "Dias, Paulo Jorge Guimara"]
[Result "1-0"]
[WhiteElo "2053"]
[BlackElo "2320"]
[PlyCount "87"]
[EventDate "2023.07.25"]
[EventType "swiss (blitz)"]
[EventRounds "11"]
[EventCountry "USA"]
[SourceTitle "EXT 2024"]
[Source "ChessBase"]
[SourceDate "2023.10.10"]
[SourceVersion "1"]
[SourceVersionDate "2023.10.10"]
[SourceQuality "1"]

1. e4 c5 2. c3 d5 3. exd5 Qxd5 4. d4 Nc6 5. Nf3 Bf5 6. Nbd2 cxd4 7. Bc4 Qd7 8. 0-0 Nf6 9. Re1 e6 10. Nxd4 Nxd4 11. cxd4 Be7 12. Nf3 0-0 13. h3 a6 14. Ne5 Qd8 15. Be3 Rc8 16. Be2 Nd5 17. Bf3 Bf6 18. Qb3 b5 19. Rac1 Rxc1 20. Rxc1 Bxe5 21. dxe5 Nxe3 22. Qxe3 Qa5 23. a3 Rd8 24. g4 Bg6 25. h4 h6 26. h5 Bh7 27. g5 hxg5 28. Qxg5 Bf5 29. h6 Bg6 30. hxg7 Kxg7 31. Qf6+ Kg8 32. b4 Qb6 33. Rc6 Qd4 34. Rxe6 Rc8 35. Rxa6 Qd3 36. Rd6 Rc1+ 37. Kg2 Qf1+ 38. Kg3 Qg1+ 39. Bg2 Rc3+ 40. f3 Qe1+ 41. Kh2 Rc8 42. e6 Rf8 43. e7 Re8 44. Rd8 1-0